Statistiques concernant Premiers ministres et présidents du conseil français.

Cliquez ici pour prendre le quiz!

Statistiques générales

  • Ce quiz a été pris 1 710 fois
    (368 depuis la dernière actualisation)
  • Le résultat moyen est 39 sur 119

Statistiques - réponses

Chef du gouvernement% Correct
Élisabeth Borne
96%
Gabriel Attal
96%
Édouard Philippe
91%
Jacques Chirac
90%
Jean Castex
89%
François Fillon
88%
Manuel Valls
87%
Georges Pompidou
85%
Lionel Jospin
83%
Bernard Cazeneuve
76%
Édith Cresson
76%
Dominique de Villepin
75%
Jean-Marc Ayrault
72%
Alain Juppé
69%
Édouard Balladur
68%
Jacques Chaban-Delmas
65%
Laurent Fabius
64%
Michel Debré
64%
Charles de Gaulle
62%
Jean-Pierre Raffarin
62%
Léon Blum
61%
Michel Rocard
61%
Pierre Bérégovoy
61%
Pierre Mauroy
59%
Raymond Poincaré
59%
Edgar Faure
58%
Raymond Barre
58%
Georges Clémenceau
57%
Maurice Couve de Murville
57%
Adolphe Thiers
56%
Gaston Doumergue
56%
Pierre Laval
55%
Philippe Pétain
52%
Alexandre Millerand
51%
Pierre Messmer
51%
Pierre Mendès France
50%
Jean Casimir-Perier
48%
Émile Loubet
46%
Jules Ferry
46%
Armand Fallières
44%
Édouard Daladier
42%
Louis-Napoléon Bonaparte
37%
Aristide Briand
35%
Léon Gambetta
34%
Charles-Maurice de Talleyrand-Périgord
33%
Casimir-Pierre Perier
31%
Guy Mollet
30%
François Darlan
29%
Édouard Herriot
28%
François Guizot
27%
Albert de Broglie
26%
Paul Reynaud
26%
Victor de Broglie
26%
Pierre Pflimlin
25%
Pierre Waldeck-Rousseau
25%
Antoine Pinay
24%
Camille Chautemps
23%
Robert Schuman
23%
Jules de Polignac
22%
Armand-Emmanuel du Plessis de Richelieu
20%
Henri Queuille
20%
Félix Gaillard
19%
André Tardieu
18%
Paul Ramadier
18%
Émile Combes
18%
Georges Bidault
18%
Jules Simon
18%
Louis Eugène Cavaignac
18%
Joseph Caillaux
17%
André Marie
16%
Maurice Bourgès-Maunoury
16%
Pierre-Étienne Flandin
16%
René Pleven
16%
René Viviani
16%
Élie-Louis Decazes
15%
Charles de Freycinet
14%
Joseph de Villèle
14%
Joseph Laniel
14%
Jules Dufaure
14%
Jacques-Charles Dupont
13%
Jean-Baptiste de Martignac
13%
Jean-de-Dieu Soult
13%
Joseph Paul-Boncour
13%
Jules Méline
13%
Paul Painlevé
13%
William Waddington
13%
Alexandre Ribot
12%
Odilon Barrot
12%
René Goblet
12%
Albert Sarraut
11%
Casimir de Mortemart
11%
François Arago
11%
Georges Leygues
11%
Léon Bourgeois
11%
Mathieu Molé
11%
Maurice Rouvier
11%
Frédéric François-Marsal
10%
Jacques Laffite
10%
René Mayer
10%
Théodore Steeg
10%
Charles Dupuy
9%
Charles Floquet
9%
Étienne Maurice Gérard
9%
Gaëtan de Rochebouët
9%
Henri Brisson
9%
Jean-Joseph Dessolles
9%
Louis Barthou
9%
Charles Duclerc
8%
Édouard Mortier
8%
Fernand Bouisson
8%
Louis Buffet
8%
Pierre Tirard
8%
Ernest Courtot de Cissey
7%
Ernest Monis
7%
Ferdinand Sarrien
7%
Alphonse Henri d'Hautpoul
6%
Léon Faucher
6%
Hugues-Bernard Maret
5%

Distribution des résultats

Percentile par nombre de réponses

% des personnes avec chaque résultat

Votre développement - résultats

Vous n’avez pas pris ce quiz depuis la dernière actualisation